000 00396cam a2200157ua 4500
041 _aeng
_h
082 _a828.09
_bWIM/LI
100 _aWimsat, William K .
245 _aLiterary criticism /
_cWilliam K Wimsat.
_hTextual Documents
260 _aNewyork :
_bAlfred A knope ,
_c1964.
300 _a800 ; .
504 _a
700 1 _aBrooks, Cleanth .
942 _cBK
999 _c12870
_d12870